000 01117nam a2200301 a 4500
001 000113640
003 CHAP
005 20220329144405.0
008 170904s2017 mx sm |||||||spa d
010 _a110101
011 _a111073
040 _cCHAP
090 _aTesis
100 1 _aNuñez Hernández, Javier
_9133130
245 1 0 _aEvaluación de dos sustratos regionales para producir Brosimun allicastrum Swartz en el vivero forestal Belha, en Othón P. Blanco, Quintana Roo
_h[En línea]
_cpor Javier Nuñez Hernandez.
260 _aChapingo, Méx. :
_bEl autor,
_c2017.
500 _aPara ver el contenido del material haga clic en la liga
502 _aTesis (Ing. Forestal) -- UACH. División de Ciencias Forestales
590 _aE5765TAJ
_b05
_c20170904
_lUCH01
_h0914
590 _aE5765TAJ
_b05
_c20170904
_lUCH01
_h0914
650 1 4 _aBrosimum alicastrum
_xCrecimiento.
_9131941
650 1 4 _aSustratos
_xAnálisis.
_9132580
650 1 4 _aViveros forestales.
_9120100
856 _aFinding aid
_uhttp://10.13.5.2/tesis/sist113640.pdf
_zTeclea aquí
901 _aBK
942 _cTESIS
942 _n0
999 _c110101
_d110101